| 000 | 00722 a2200241 4500 | ||
|---|---|---|---|
| 001 | 63073 | ||
| 005 | 20260407155926.0 | ||
| 008 | 260407a1972 arg spa d | ||
| 003 | AR-UNSa-BCEJYS | ||
| 040 |
_aAR-UNSa-BCEJYS _bspa _cAR-UNSa-BCEJYS |
||
| 080 |
_a339.5 _xComercio exterior. Comercio Internacional |
||
| 245 | 1 | 0 |
_aImperialismo y comercio internacional _p(El intercambio desigual) |
| 250 | _a2a. ed. | ||
| 264 | 1 |
_aCórdoba : _bEdiciones Pasado y Presente _c1972 |
|
| 300 |
_axviii, 192 p. _c20 cm. |
||
| 041 | _aspa | ||
| 942 | _cBK | ||
| 590 | _aniveau_biblio:m niveau_hierar:0 | ||
| 100 | 1 | _aEmmanuel, Arghiri | |
| 700 | 1 | _aBettelheim, Charles | |
| 700 | 1 | _aAmin, Samir | |
| 700 | 1 | _aPalloix, Christian | |
| 999 |
_c7973 _d7973 |
||